[Event "?"]
[Site "ICC 5 0 03/03/98, Internet Ch"]
[Date "1998.??.??"]
[Round "?"]
[White "Brause"]
[Black "MarvinMartian"]
[Result "0-1"]
[WhiteElo "2450"]
[BlackElo "2285"]
[PlyCount "133"]

1. e4 e5 2. Nf3 Nc6 3. Nc3 Nf6 4. Nxe5 Nxe5 5. d4 Ng6 6. e5 Ng8 7. Bc4 Bb4 8.
Qf3 Bxc3+ 9. bxc3 Qe7 10. O-O Nh6 11. g3 O-O 12. Qh5 d5 13. exd6 cxd6 14. Bxh6
gxh6 15. Rfe1 Qc7 16. Bb3 Bd7 17. Qf3 Bc6 18. Qd3 d5 19. c4 Rad8 20. cxd5 Bxd5
21. c4 Bc6 22. d5 Bd7 23. Re3 b6 24. Rae1 Rde8 25. Qd4 Rxe3 26. Rxe3 Re8 27.
Rxe8+ Bxe8 28. Bd1 Qe5 29. Qxe5 Nxe5 30. Be2 Kf8 31. Kf1 Ke7 32. Kg2 Kd6 33. f4
Ng6 34. Kf3 Bd7 35. Ke4 Ne7 36. Bh5 Bf5+ 37. Kd4 Bg6 38. Bg4 Nf5+ 39. Kc3 Ne3
40. Be2 h5 41. Kd4 Nf5+ 42. Kc3 Kc5 43. a4 Nd6 44. Kb3 a6 45. Kc3 a5 46. Kb3
Ne8 47. Bf1 Nf6 48. Be2 Bf5 49. Bf1 Bg4 50. h3 Bf3 51. Bd3 Bg2 52. h4 Bf3 53.
Ka3 Ne4 54. Kb3 Nxg3 55. Kb2 Be4 56. Kc3 Bxd3 57. Kxd3 Nf5 58. Ke4 Nxh4 59. f5
Ng2 60. Kf3 Ne1+ 61. Ke2 Nc2 62. Kf3 Na3 63. Ke4 Nxc4 64. Kd3 Kxd5 65. Ke2 Nd6
66. Ke3 Nxf5+ 67. Kf4 0-1

[Event "?"]
[Site "ICC 5 0 03/03/98, Internet Ch"]
[Date "1998.??.??"]
[Round "?"]
[White "Brause"]
[Black "MarvinMartian"]
[Result "1/2-1/2"]
[WhiteElo "2460"]
[BlackElo "2275"]
[PlyCount "75"]

1. e4 e5 2. Nf3 Nc6 3. Nc3 Nf6 4. Nxe5 Nxe5 5. d4 Ng6 6. e5 Ng8 7. Bc4 Bb4 8.
Qf3 Bxc3+ 9. bxc3 Qe7 10. O-O Nh6 11. g3 O-O 12. Qh5 d5 13. exd6 cxd6 14. Bxh6
gxh6 15. Rfe1 Qc7 16. Qb5 Bd7 17. Qb3 Bc6 18. Re3 b6 19. Bd5 Rac8 20. Rae1 Bxd5
21. Qxd5 Qc6 22. Qb3 Rce8 23. c4 Rxe3 24. fxe3 Qe4 25. Qa4 h5 26. Qxa7 h4 27.
Qxb6 h3 28. Re2 Qf3 29. Rf2 Qd1+ 30. Rf1 Qxc2 31. Qc6 Ne7 32. Qf3 Nf5 33. Qd5
Nxe3 34. Qg5+ Kh8 35. Qf6+ Kg8 36. Qg5+ Kh8 37. Qf6+ Kg8 38. Qg5+ 1/2-1/2

[Event "?"]
[Site "ICC 5 0 03/03/98, Internet Ch"]
[Date "1998.??.??"]
[Round "?"]
[White "Brause"]
[Black "losch"]
[Result "1-0"]
[WhiteElo "2455"]
[BlackElo "2155"]
[PlyCount "111"]

1. e4 e5 2. Nf3 Nc6 3. Nc3 Nf6 4. Nxe5 Nxe5 5. d4 Ng6 6. e5 Ng8 7. Bc4 d6 8.
Qf3 f6 9. O-O c6 10. exd6 Bxd6 11. Re1+ N8e7 12. a3 Bd7 13. Ne4 Qc7 14. Nxd6+
Qxd6 15. Be3 O-O-O 16. Rad1 Nd5 17. Bd2 Rde8 18. b4 Rxe1+ 19. Rxe1 Re8 20.
Rxe8+ Bxe8 21. Bd3 Bd7 22. g3 Nb6 23. Be3 Be6 24. Qh5 Bg8 25. Qg4+ Kd8 26. Bf5
Nd5 27. Bc1 Nde7 28. Bd3 Qd7 29. Qd1 Qxd4 30. Be3 Qd7 31. Bxa7 Bc4 32. Bb6+ Kc8
33. Bc5 Bxd3 34. cxd3 Qd5 35. f4 Nf5 36. Qh5 Qxd3 37. Qxh7 Qd1+ 38. Kf2 Qd2+
39. Kf1 Nge7 40. a4 Qd3+ 41. Ke1 Kd7 42. a5 Nd5 43. Qg6 Qc3+ 44. Ke2 Qc2+ 45.
Ke1 Qb1+ 46. Kf2 Qc2+ 47. Ke1 Qe4+ 48. Kf2 Nc3 49. Qf7+ Ne7 50. Qxg7 Qe2+ 51.
Kg1 Ncd5 52. h4 Ke6 53. f5+ Kxf5 54. h5 Qe1+ 55. Kh2 Qf2+ 56. Bxf2 1-0

[Event "?"]
[Site "ICC 5 0 03/03/98, Internet Ch"]
[Date "1998.??.??"]
[Round "?"]
[White "Brause"]
[Black "losch"]
[Result "1-0"]
[WhiteElo "2450"]
[BlackElo "2160"]
[PlyCount "83"]

1. e4 e5 2. Nf3 Nc6 3. Nc3 Nf6 4. Nxe5 Nxe5 5. d4 Ng6 6. e5 Ng8 7. Bc4 d6 8.
Qf3 f6 9. Qd5 Qe7 10. Be3 c6 11. Qxd6 Qxd6 12. exd6 Bxd6 13. Ne4 Be7 14. O-O-O
Bf5 15. Ng3 Bd7 16. d5 cxd5 17. Bxd5 O-O-O 18. Bxa7 Ne5 19. Bb6 Re8 20. Rhe1
Nh6 21. f4 Nc6 22. Nh5 Bd8 23. Bxd8 Rxe1 24. Rxe1 Rxd8 25. Nxg7 Nf5 26. Nxf5
Bxf5 27. Bxc6 bxc6 28. g3 Kc7 29. a4 Rd4 30. b3 Kd6 31. a5 Kc5 32. Re8 Kb5 33.
Ra8 Re4 34. Kd2 c5 35. c4+ Kb4 36. Rb8+ Kxa5 37. Rb5+ Ka6 38. Rxc5 Bg4 39. Rc6+
Ka5 40. Rxf6 Re2+ 41. Kc3 Rxh2 42. b4+ 1-0

[Event "?"]
[Site "ICC 5 0 03/03/98, Internet Ch"]
[Date "1998.??.??"]
[Round "?"]
[White "Brause"]
[Black "MarvinMartian"]
[Result "1-0"]
[WhiteElo "2460"]
[BlackElo "2270"]
[PlyCount "95"]

1. e4 e5 2. Nf3 Nc6 3. Nc3 Nf6 4. Nxe5 Nxe5 5. d4 Ng6 6. e5 Ng8 7. Bc4 Bb4 8.
Qf3 Bxc3+ 9. bxc3 Qe7 10. O-O Nh6 11. g3 O-O 12. Qh5 d5 13. exd6 cxd6 14. Bxh6
gxh6 15. Rab1 b6 16. Bd5 Rb8 17. Qf3 Qg5 18. c4 Bg4 19. Qa3 Qe7 20. Rfe1 Qd7
21. Rb3 h5 22. Rbe3 h4 23. f3 hxg3 24. fxg4 gxh2+ 25. Kh1 Qxg4 26. Qxd6 Rbd8
27. Qf6 Qf4 28. Bxf7+ Rxf7 29. Qxd8+ Kg7 30. c3 h5 31. Qd5 h4 32. c5 bxc5 33.
Qxc5 Qf2 34. Qd5 Kh6 35. R3e2 Qf3+ 36. Qxf3 Rxf3 37. Rc2 Nf4 38. Re5 Nd3 39.
Ra5 Nf4 40. Ra6+ Kh5 41. Rxa7 Kg4 42. c4 Kh3 43. Rxh2+ Kg4 44. Rg7+ Kf5 45.
Rxh4 Rf1+ 46. Kh2 Rf2+ 47. Kg1 Rxa2 48. Rf7+ 1-0

[Event "?"]
[Site "ICC 5 0 03/03/98, Internet Ch"]
[Date "1998.??.??"]
[Round "?"]
[White "Brause"]
[Black "MarvinMartian"]
[Result "1/2-1/2"]
[WhiteElo "2475"]
[BlackElo "2255"]
[PlyCount "116"]

1. e4 e5 2. Nf3 Nc6 3. Nc3 Nf6 4. Nxe5 Nxe5 5. d4 Ng6 6. e5 Ng8 7. Bc4 Bb4 8.
Qf3 Bxc3+ 9. bxc3 Qe7 10. O-O Nh6 11. g3 O-O 12. Qh5 d5 13. exd6 cxd6 14. Bxh6
gxh6 15. Rab1 Qc7 16. Qb5 Rb8 17. Qb3 b6 18. Rfe1 Bd7 19. Bd5 Kg7 20. Re3 Rbc8
21. Rbe1 Bc6 22. f4 Qb7 23. Bxc6 Qxc6 24. f5 Nh8 25. Qa3 Rc7 26. R1e2 f6 27.
Re6 Nf7 28. Re7 Rfc8 29. Qb3 Qc4 30. Qxc4 Rxc4 31. Rxa7 Rxc3 32. Ree7 Rf8 33.
Re2 Rfc8 34. Ree7 Rf8 35. Re2 h5 36. Rb7 Ra3 37. c3 Rxc3 38. Rxb6 Rfc8 39. Rb7
Rc1+ 40. Kf2 R8c2 41. Rb2 Rxe2+ 42. Kxe2 Ng5 43. h4 Ne4 44. Ke3 d5 45. Rg2 Rc3+
46. Kf4 Ra3 47. g4 hxg4 48. Kxg4 Kf7 49. Rc2 Rg3+ 50. Kf4 Rh3 51. Rc7+ Kg8 52.
Kg4 Rg3+ 53. Kh5 Rg7 54. Rc8+ Kf7 55. Rc7+ Kf8 56. Rc8+ Kf7 57. Rc7+ Kf8 58.
Rc8+ Kf7 1/2-1/2

[Event "?"]
[Site "ICC 5 0 03/12/98, Internet Ch"]
[Date "1998.??.??"]
[Round "?"]
[White "Brause"]
[Black "KnightC"]
[Result "0-1"]
[WhiteElo "2485"]
[BlackElo "2495"]
[PlyCount "115"]

1. e4 e5 2. Nf3 Nf6 3. Nc3 Nc6 4. Nxe5 Nxe5 5. d4 Ng6 6. e5 Ng8 7. Bc4 d6 8.
Qf3 Qd7 9. O-O dxe5 10. dxe5 Bc5 11. e6 fxe6 12. Rd1 Bd6 13. Bb5 c6 14. Ne4 Nh4
15. Qh5+ g6 16. Nxd6+ Qxd6 17. Rxd6 gxh5 18. Rxc6 bxc6 19. Bxc6+ Bd7 20. Bxa8
Ne7 21. Bg5 Nef5 22. Rd1 h6 23. Bxh4 Nxh4 24. c4 Ke7 25. Be4 Rf8 26. c5 Ba4 27.
b3 Bb5 28. a4 Be2 29. Rd2 Rd8 30. Rxd8 Kxd8 31. b4 Nf5 32. b5 Kc7 33. f4 Bc4
34. Kf2 Ne7 35. Ke3 Bb3 36. a5 Nf5+ 37. Bxf5 exf5 38. Kd4 Bc2 39. g3 Be4 40. a6
Bf3 41. Ke5 Be2 42. Kxf5 Bxb5 43. Ke5 Kc6 44. Kd4 Bxa6 45. f5 Bc8 46. Ke5 Bd7
47. f6 Be8 48. Kd4 Bf7 49. h3 a5 50. Kc3 Kxc5 51. Kb2 Kb4 52. Kc2 a4 53. Kb2
a3+ 54. Kb1 Kb3 55. Kc1 a2 56. Kd2 a1=Q 57. Ke2 Qxf6 58. h4 0-1

[Event "?"]
[Site "ICC 5 0 03/12/98, Internet Ch"]
[Date "1998.??.??"]
[Round "?"]
[White "Brause"]
[Black "sekere"]
[Result "1-0"]
[WhiteElo "2455"]
[BlackElo "2195"]
[PlyCount "25"]

1. e4 e5 2. Nf3 Nc6 3. Nc3 Nf6 4. Nxe5 Nxe5 5. d4 Nc6 6. d5 Nb8 7. e5 Bb4 8.
exf6 Qxf6 9. Qe2+ Kd8 10. Qc4 Re8+ 11. Be2 Bxc3+ 12. bxc3 Qe5 13. Bf4 1-0

[Event "?"]
[Site "ICC 5 0 03/12/98, Internet Ch"]
[Date "1998.??.??"]
[Round "?"]
[White "Brause"]
[Black "sekere"]
[Result "1-0"]
[WhiteElo "2480"]
[BlackElo "2170"]
[PlyCount "25"]

1. e4 e5 2. Nf3 Nc6 3. Nc3 Nf6 4. Nxe5 Nxe5 5. d4 Nc6 6. d5 Nb8 7. e5 Ng8 8. d6
c6 9. Bc4 b5 10. Bb3 f6 11. Nd5 Na6 12. exf6 Nxf6 13. Qe2+ 1-0

[Event "?"]
[Site "ICC 5 0 03/30/98, Internet Ch"]
[Date "1998.??.??"]
[Round "?"]
[White "Brause"]
[Black "Skydiver"]
[Result "1/2-1/2"]
[WhiteElo "2480"]
[BlackElo "1975"]
[PlyCount "36"]

1. e4 e5 2. Nf3 Nc6 3. Nc3 Nf6 4. Nxe5 Nxe5 5. d4 Ng6 6. e5 Ng8 7. Bc4 Bb4 8.
Qf3 Bxc3+ 9. bxc3 Qe7 10. O-O Nh6 11. g3 O-O 12. Qh5 d5 13. Bxd5 Bg4 14. Qg5
Qxg5 15. Bxg5 c6 16. Bb3 Bf3 17. Rab1 Nf5 18. Bc4 b5 1/2-1/2

[Event "?"]
[Site "ICC 5 0 04/02/98, Internet Ch"]
[Date "1998.??.??"]
[Round "?"]
[White "Brause"]
[Black "Kiriakos"]
[Result "1-0"]
[WhiteElo "2520"]
[BlackElo "2165"]
[PlyCount "57"]

1. e4 e5 2. Nf3 Nc6 3. Nc3 Nf6 4. Nxe5 Nxe5 5. d4 Ng6 6. e5 Be7 7. exf6 Bxf6 8.
Bc4 O-O 9. O-O c6 10. Ne4 d5 11. Nxf6+ Qxf6 12. Be2 Bf5 13. Be3 Rfe8 14. Qd2 h6
15. Rae1 Re7 16. Kh1 Rae8 17. Rg1 Nh4 18. c3 Bh7 19. Bf4 Bg6 20. Be5 Qe6 21.
Qf4 f6 22. Bd6 Rd7 23. Bc5 Nf5 24. Bxa7 Nd6 25. Bc5 Nf7 26. Qg3 Bh7 27. f3 Qf5
28. Bd3 Rxe1 29. Rxe1 1-0

[Event "?"]
[Site "ICC 5 0 04/02/98, Internet Ch"]
[Date "1998.??.??"]
[Round "?"]
[White "Brause"]
[Black "fver"]
[Result "1/2-1/2"]
[WhiteElo "2535"]
[BlackElo "2365"]
[PlyCount "109"]

1. e4 e5 2. Nf3 Nc6 3. Nc3 Nf6 4. Nxe5 Nxe5 5. d4 Ng6 6. e5 Ng8 7. Bc4 d5 8.
Bxd5 c6 9. Bf3 Be6 10. O-O N8e7 11. Qd3 Nd5 12. Bxd5 Bxd5 13. e6 Bxe6 14. f4
Bd5 15. Re1+ Ne7 16. Bd2 Qd7 17. Nxd5 Qxd5 18. Re5 Qd7 19. Ba5 f6 20. Re4 Kf7
21. Rae1 Nd5 22. c4 Bb4 23. cxd5 Bxa5 24. dxc6 bxc6 25. Re7+ Qxe7 26. Rxe7+
Kxe7 27. Qa3+ Kf7 28. Qxa5 Rhc8 29. Qc5 Kg8 30. Kf2 h6 31. b3 Kh8 32. f5 a5 33.
Kg3 Kh7 34. h3 Rc7 35. d5 Rac8 36. dxc6 Rxc6 37. Qxa5 Rc5 38. Qa6 R8c6 39. Qa4
Rc3+ 40. Kh4 Rd6 41. Qf4 Rd5 42. g3 Rc2 43. a4 Rc3 44. b4 Rcd3 45. g4 Ra3 46.
b5 Rdd3 47. Qf1 Rf3 48. Qg2 Rfb3 49. Qh2 Rxa4 50. Qe2 Raa3 51. Qf1 Rf3 52. Qg2
Rfb3 53. Qf1 Rf3 54. Qg2 Rfb3 55. Qf1 1/2-1/2

[Event "?"]
[Site "ICC 5 0 03/30/98, Internet Ch"]
[Date "1998.??.??"]
[Round "?"]
[White "Skydiver"]
[Black "Brause"]
[Result "0-1"]
[WhiteElo "1990"]
[BlackElo "2465"]
[PlyCount "32"]

1. e4 e5 2. Nf3 Nc6 3. Nc3 Nf6 4. Nxe5 Nxe5 5. d4 Ng6 6. e5 Ng8 7. Bc4 Bb4 8.
Qf3 Bxc3+ 9. bxc3 f5 10. g4 Qh4 11. gxf5 N6e7 12. Bxg8 Rxg8 13. f6 gxf6 14.
exf6 Rf8 15. Rg1 Rxf6 16. Qd3 Qxf2+ 0-1

[Event "?"]
[Site "ICC 5 0 01/23/98, Internet Ch"]
[Date "1998.??.??"]
[Round "?"]
[White "Jakob, Steffen"]
[Black "androom"]
[Result "1-0"]
[WhiteElo "1965"]
[BlackElo "1815"]
[PlyCount "45"]

1. Nc3 Nf6 2. e4 e5 3. Nf3 Nc6 4. Nxe5 Nxe5 5. d4 Ng6 6. e5 Ng8 7. Bc4 h6 8.
Qf3 Qe7 9. Nd5 Nxe5 10. dxe5 Qxe5+ 11. Kd1 Qd4+ 12. Bd3 Bd6 13. Re1+ Kd8 14.
Re4 Qc5 15. Qxf7 Ne7 16. Nxe7 Bxe7 17. Be3 Qd6 18. Bf4 Qf6 19. Rxe7 Qxf7 20.
Rxf7 d6 21. Rxg7 Be6 22. Kd2 a5 23. Re1 1-0

[Event "?"]
[Site "ICC 5 0 01/15/98, Internet Ch"]
[Date "1998.??.??"]
[Round "?"]
[White "Brause"]
[Black "MrsLovett"]
[Result "0-1"]
[WhiteElo "2465"]
[BlackElo "2740"]
[PlyCount "157"]

1. e4 e5 2. Nf3 Nc6 3. Nc3 Nf6 4. Nxe5 Nxe5 5. d4 Ng6 6. e5 Ng8 7. Bc4 Bb4 8.
Qf3 Bxc3+ 9. bxc3 Qe7 10. O-O Rb8 11. Re1 b5 12. Rb1 a6 13. Qg3 Rb7 14. Bd5 c6
15. Bg5 Qa3 16. Bb3 N8e7 17. Qd3 Nd5 18. c4 bxc4 19. Qxc4 O-O 20. Qd3 Kh8 21.
Re4 Rb8 22. Ree1 Bb7 23. Qf5 Nc3 24. Ra1 Qb2 25. Qxd7 Ne2+ 26. Kf1 Nxd4 27.
Rab1 Qc3 28. Qd6 Nb5 29. Bd2 Nxd6 30. Bxc3 Nc8 31. Bb4 Nge7 32. Red1 a5 33.
Bxa5 Ba6+ 34. Kg1 Ng6 35. Bc3 Rb7 36. a4 Re8 37. g3 Be2 38. Re1 Bg4 39. a5 Na7
40. a6 Rd7 41. Bc4 h5 42. Rb7 Ree7 43. Rxd7 Rxd7 44. e6 fxe6 45. f3 Bf5 46.
Bxe6 Bxe6 47. Rxe6 Kh7 48. h4 Ne7 49. Re5 g6 50. Re4 Nb5 51. Be5 Nf5 52. c4
Nbd6 53. Bxd6 Rxd6 54. a7 Rd1+ 55. Kg2 Ra1 56. g4 hxg4 57. fxg4 Nxh4+ 58. Kg3
g5 59. Re7+ Kh6 60. Rd7 Ra3+ 61. Kh2 Nf3+ 62. Kg2 Ne5 63. Rc7 Kg6 64. c5 Kf6
65. Kg1 Ra4 66. Kf1 Ra2 67. Kg1 Nf3+ 68. Kf1 Ke5 69. Rxc6 Kf4 70. a8=R Rxa8 71.
Rf6+ Kxg4 72. Ke2 Rc8 73. Rxf3 Rxc5 74. Rd3 Rf5 75. Rd1 Kg3 76. Rg1+ Kh2 77.
Rg4 Kh3 78. Re4 g4 79. Kd3 0-1

[Event "?"]
[Site "ICC 5 0 01/24/98, Internet Ch"]
[Date "1998.??.??"]
[Round "?"]
[White "Brause"]
[Black "patient"]
[Result "*"]
[WhiteElo "2660"]
[BlackElo "2420"]
[PlyCount "21"]

1. e4 e5 2. Nf3 Nc6 3. Nc3 Nf6 4. Nxe5 Nxe5 5. d4 Ng6 6. e5 Be7 7. Bc4 O-O 8.
exf6 Bxf6 9. O-O d6 10. Nd5 c6 11. Nxf6+ *

[Event "?"]
[Site "ICC 5 0 01/24/98, Internet Ch"]
[Date "1998.??.??"]
[Round "?"]
[White "Brause"]
[Black "patient"]
[Result "1-0"]
[WhiteElo "2660"]
[BlackElo "2420"]
[PlyCount "77"]

1. e4 e5 2. Nf3 Nc6 3. Nc3 Nf6 4. Nxe5 Nxe5 5. d4 Ng6 6. e5 Be7 7. Bc4 O-O 8.
exf6 Bxf6 9. O-O d6 10. Nd5 c6 11. Nxf6+ Qxf6 12. d5 c5 13. Re1 Bd7 14. Rb1 b5
15. Be2 Rfe8 16. Be3 a6 17. Qd2 h6 18. a3 Re7 19. Bf1 Rae8 20. Qa5 Bc8 21. a4
bxa4 22. Qxa4 Ne5 23. Bxa6 Bd7 24. Qb3 Ng4 25. h3 Nxe3 26. Rxe3 Rxe3 27. fxe3
Qg5 28. e4 Rxe4 29. Rf1 Re3 30. Qb8+ Re8 31. Qxd6 Bxh3 32. Rf2 Re1+ 33. Bf1
Rxf1+ 34. Kxf1 Qc1+ 35. Ke2 Bg4+ 36. Kd3 Qd1+ 37. Rd2 Bf5+ 38. Kc3 Qg1 39. Qf4
1-0

[Event "?"]
[Site "ICC 5 0 01/24/98, Internet Ch"]
[Date "1998.??.??"]
[Round "?"]
[White "Brause"]
[Black "patient"]
[Result "1-0"]
[WhiteElo "2670"]
[BlackElo "2405"]
[PlyCount "75"]

1. e4 e5 2. Nf3 Nc6 3. Nc3 Nf6 4. Nxe5 Nxe5 5. d4 Ng6 6. e5 Bb4 7. exf6 Qxf6 8.
Bc4 O-O 9. O-O Bxc3 10. bxc3 d6 11. Rb1 b6 12. Re1 Be6 13. Qd3 Bxc4 14. Qxc4
Rac8 15. Qb5 h6 16. Bd2 a5 17. Re4 Rfd8 18. c4 Nf8 19. Rbe1 Nd7 20. Bc3 Qg6 21.
R1e2 c6 22. Qb3 Qf5 23. a4 d5 24. Re7 dxc4 25. Qxc4 Qd5 26. Qa6 Ra8 27. Qb7
Rab8 28. Qc7 Rbc8 29. Qf4 Nf6 30. Rb7 b5 31. Ree7 Re8 32. Rxf7 Qxf7 33. Rxf7
Kxf7 34. Bxa5 bxa4 35. Qd6 Re6 36. Qb4 Nd5 37. Qxa4 Ra8 38. Kf1 1-0

[Event "?"]
[Site "ICC 5 0 02/05/98, Internet Ch"]
[Date "1998.??.??"]
[Round "?"]
[White "Brause"]
[Black "KnightAttack"]
[Result "1-0"]
[WhiteElo "2555"]
[BlackElo "2355"]
[PlyCount "75"]

1. e4 e5 2. Nf3 Nc6 3. Nc3 Nf6 4. Nxe5 Nxe5 5. d4 Nc6 6. d5 Nb4 7. a3 Na6 8. e5
Ng8 9. Qf3 Qe7 10. Bxa6 bxa6 11. O-O d6 12. Bf4 Qd7 13. Rae1 Ne7 14. exd6 cxd6
15. Ne4 Kd8 16. Nxd6 Rg8 17. Nxf7+ Ke8 18. d6 Bb7 19. dxe7 Kxf7 20. Qh5+ g6 21.
exf8=Q+ Raxf8 22. Qxh7+ Rg7 23. Qh6 Qd5 24. f3 Rgg8 25. Be5 Rc8 26. Qf4+ Ke8
27. Bf6+ Kd7 28. Rd1 Rc5 29. Rxd5+ Bxd5 30. Rd1 Kc6 31. Be7 Rb5 32. a4 Kb7 33.
axb5 axb5 34. Rxd5 Kc8 35. Rc5+ Kd7 36. Qd6+ Ke8 37. Rc8+ Kf7 38. Qf6# 1-0

[Event "?"]
[Site "ICC 5 0 02/14/98, Internet Ch"]
[Date "1998.??.??"]
[Round "?"]
[White "Brause"]
[Black "Kiriakos"]
[Result "1-0"]
[WhiteElo "2575"]
[BlackElo "2125"]
[PlyCount "28"]

1. e4 e5 2. Nf3 Nc6 3. Nc3 Nf6 4. Nxe5 Nxe5 5. d4 Ng6 6. e5 Be7 7. Bc4 O-O 8.
exf6 Bxf6 9. Be3 c6 10. O-O d5 11. Bd3 Be6 12. b3 Qd7 13. Re1 Rfe8 14. Bxg6 h6
1-0

[Event "?"]
[Site "ICC 5 0 02/14/98, Internet Ch"]
[Date "1998.??.??"]
[Round "?"]
[White "Brause"]
[Black "Viveiros"]
[Result "1-0"]
[WhiteElo "2580"]
[BlackElo "2030"]
[PlyCount "93"]

1. Nc3 Nf6 2. e4 e5 3. Nf3 Nc6 4. Nxe5 Nxe5 5. d4 Nc6 6. d5 Nb8 7. e5 Qe7 8.
Qe2 Ng8 9. d6 cxd6 10. Nd5 Qxe5 11. Nc7+ Kd8 12. Nxa8 Nc6 13. Qxe5 dxe5 14. Be3
b6 15. Bc4 f6 16. Rd1 Bb7 17. Nxb6 axb6 18. Bxb6+ Kc8 19. a3 Nge7 20. O-O Ng6
21. Rfe1 Be7 22. f3 Bd8 23. Bc5 Be7 24. Be3 Rd8 25. Bb6 Rf8 26. c3 Bd8 27. Bf2
Nce7 28. Bc5 d5 29. Bb5 Bc7 30. c4 d4 31. b4 Rd8 32. Ba4 Bd6 33. Bxd6 Rxd6 34.
b5 Nf8 35. c5 Rd5 36. c6 Ba8 37. Rd3 Rc5 38. Rxd4 Ne6 39. Rd6 Nd4 40. Rxd4 exd4
41. Rxe7 Re5 42. Rxg7 d3 43. Rg8+ Kc7 44. Rxa8 d2 45. Ra7+ Kb6 46. Ra6+ Kc5 47.
c7 1-0

[Event "?"]
[Site "ICC 5 0 02/14/98, Internet Ch"]
[Date "1998.??.??"]
[Round "?"]
[White "Brause"]
[Black "Mus"]
[Result "1-0"]
[WhiteElo "2620"]
[BlackElo "2060"]
[PlyCount "31"]

1. Nc3 Nf6 2. e4 e5 3. Nf3 Nc6 4. Nxe5 Nxe5 5. d4 Ng6 6. e5 Ng8 7. Bc4 Bb4 8.
Qf3 Qe7 9. O-O Bxc3 10. bxc3 h5 11. Ba3 d6 12. exd6 cxd6 13. Rfe1 Be6 14. d5
Ne5 15. Rxe5 dxe5 16. dxe6 1-0

[Event "?"]
[Site "ICC 5 0 02/14/98, Internet Ch"]
[Date "1998.??.??"]
[Round "?"]
[White "Brause"]
[Black "lhg"]
[Result "1-0"]
[WhiteElo "2640"]
[BlackElo "2355"]
[PlyCount "32"]

1. e4 e5 2. Nf3 Nc6 3. Nc3 Nf6 4. Nxe5 Nxe5 5. d4 Ng6 6. e5 Ng8 7. Bc4 N8e7 8.
Qf3 d5 9. exd6 Qxd6 10. Bxf7+ Kd8 11. Bg5 Be6 12. Qxb7 Rc8 13. Ne4 Qd5 14.
Qxd5+ Bxd5 15. Bxd5 h6 16. Bxe7+ Nxe7 1-0

[Event "?"]
[Site "ICC 5 0 02/14/98, Internet Ch"]
[Date "1998.??.??"]
[Round "?"]
[White "Brause"]
[Black "Adla"]
[Result "1-0"]
[WhiteElo "2685"]
[BlackElo "2540"]
[PlyCount "21"]

1. e4 e5 2. Nf3 Nc6 3. Nc3 Nf6 4. Nxe5 Nxe5 5. d4 Nc6 6. d5 Ne5 7. f4 Ng6 8. e5
Ng8 9. d6 b6 10. Nb5 cxd6 11. exd6 1-0

[Event "?"]
[Site "ICC 5 0 02/14/98, Internet Ch"]
[Date "1998.??.??"]
[Round "?"]
[White "Brause"]
[Black "Adla"]
[Result "1-0"]
[WhiteElo "2675"]
[BlackElo "2555"]
[PlyCount "55"]

1. Nc3 Nf6 2. e4 e5 3. Nf3 Nc6 4. Nxe5 Nxe5 5. d4 Nc6 6. d5 Bb4 7. dxc6 bxc6 8.
Qd4 Qe7 9. f3 O-O 10. Be2 d5 11. Bg5 dxe4 12. Bxf6 gxf6 13. O-O-O Bxc3 14. Qxc3
Be6 15. fxe4 Rab8 16. Qxc6 Bxa2 17. b3 Qe5 18. Rhf1 Bxb3 19. cxb3 Rxb3 20. Rd3
Qb2+ 21. Kd1 Rxd3+ 22. Bxd3 Rd8 23. Rf3 Qb1+ 24. Ke2 Qb2+ 25. Bc2 Qb4 26. Rg3+
Kf8 27. Rc3 Qe7 28. Kf1 1-0

[Event "?"]
[Site "ICC 5 0 02/14/98, Internet Ch"]
[Date "1998.??.??"]
[Round "?"]
[White "Brause"]
[Black "Adla"]
[Result "1-0"]
[WhiteElo "2695"]
[BlackElo "2535"]
[PlyCount "45"]

1. e4 e5 2. Nf3 Nc6 3. Nc3 Nf6 4. Nxe5 Nxe5 5. d4 Nc6 6. d5 Bb4 7. dxc6 Qe7 8.
cxd7+ Bxd7 9. f3 O-O-O 10. Qd4 c5 11. Qe3 Rhe8 12. Bd2 Bxc3 13. Qxc3 Nxe4 14.
fxe4 Qxe4+ 15. Kf2 Bc6 16. Kg1 Re6 17. Re1 Qd5 18. Rxe6 fxe6 19. Be3 Rf8 20.
Bf2 b6 21. Qxg7 Qf5 22. Ba6+ Kd8 23. Bh4+ 1-0

[Event "?"]
[Site "ICC 5 0 02/14/98, Internet Ch"]
[Date "1998.??.??"]
[Round "?"]
[White "Brause"]
[Black "IDOTWO"]
[Result "1-0"]
[WhiteElo "2665"]
[BlackElo "2165"]
[PlyCount "39"]

1. e4 Nf6 2. Nc3 e5 3. Nf3 Nc6 4. Nxe5 Nxe5 5. d4 Nc6 6. d5 Ne7 7. e5 Nfg8 8.
d6 Ng6 9. Nb5 cxd6 10. exd6 Qf6 11. Nc7+ Kd8 12. Nxa8 Bxd6 13. Qg4 Nh6 14. Bxh6
gxh6 15. O-O-O b6 16. Bc4 Be5 17. Kb1 Bxb2 18. Bb5 Ne5 19. Qa4 Bb7 20. Qxa7 1-0

[Event "?"]
[Site "ICC 5 0 02/14/98, Internet Ch"]
[Date "1998.??.??"]
[Round "?"]
[White "Brause"]
[Black "NG"]
[Result "1-0"]
[WhiteElo "2655"]
[BlackElo "2585"]
[PlyCount "183"]

1. e4 e5 2. Nf3 Nc6 3. Nc3 Nf6 4. Nxe5 Nxe5 5. d4 Nc6 6. d5 Nb8 7. e5 Ng8 8. d6
g6 9. Nb5 Na6 10. dxc7 Nxc7 11. Bg5 Be7 12. Bxe7 Nxe7 13. Nd6+ Kf8 14. Qf3 Nf5
15. Nxf5 gxf5 16. O-O-O Ne6 17. Rd5 Qg5+ 18. Rd2 Qg4 19. Qc3 Rg8 20. f3 Qa4 21.
Bc4 b5 22. Bb3 Qa6 23. Qb4+ Kg7 24. Rd6 Qb7 25. Bd5 Qb8 26. Bxa8 Qxa8 27. Qxb5
Kh8 28. Rd2 a5 29. Qa4 f4 30. b4 Qc6 31. Qxc6 dxc6 32. bxa5 Ba6 33. a3 Ra8 34.
Rd7 Kg7 35. Rhd1 Bb5 36. Re7 c5 37. Kb2 Rxa5 38. Rb7 Bc6 39. Rb6 Ba4 40. Rd2
Ra7 41. Rd5 Be8 42. Ka2 Kg6 43. Rxc5 Kf5 44. Rd5 h5 45. c4 h4 46. Kb3 Rc7 47.
h3 Bc6 48. Ra5 Bd7 49. Rd6 Rb7+ 50. Kc3 Rc7 51. Rd1 Nc5 52. Rxc5 Rxc5 53. Rxd7
Ke6 54. Rd6+ Kxe5 55. Rh6 Ra5 56. Kb4 Ra8 57. Rxh4 Rb8+ 58. Kc3 Ra8 59. Kb3
Rb8+ 60. Kc2 Ra8 61. Rh5+ f5 62. h4 Rxa3 63. Rg5 Ra2+ 64. Kb3 Ra1 65. h5 Rh1
66. Kb4 Rb1+ 67. Kc3 Rc1+ 68. Kd2 Rxc4 69. h6 Rd4+ 70. Kc3 Rd8 71. Rg6 Rc8+ 72.
Kd3 Rd8+ 73. Ke2 Rh8 74. Rb6 Rh7 75. Kd3 Rd7+ 76. Kc4 Rc7+ 77. Kb4 Rh7 78. Kb5
Kd5 79. Rf6 Ke5 80. Rc6 Kd5 81. Kb6 Ke5 82. Ka5 Kd4 83. Kb4 Ke3 84. Kc5 Kf2 85.
Rg6 Ke3 86. Kd5 Rh8 87. Ke5 Re8+ 88. Kf6 Rf8+ 89. Kg7 Rc8 90. h7 Rc7+ 91. Kh6
Rc8 92. Rg8 1-0

[Event "?"]
[Site "ICC 5 0 02/14/98, Internet Ch"]
[Date "1998.??.??"]
[Round "?"]
[White "Brause"]
[Black "reo"]
[Result "1-0"]
[WhiteElo "2690"]
[BlackElo "2085"]
[PlyCount "55"]

1. Nc3 Nf6 2. e4 e5 3. Nf3 Nc6 4. Nxe5 Nxe5 5. d4 Ng6 6. e5 Ng8 7. Bc4 Bb4 8.
Qf3 Qe7 9. O-O Bxc3 10. bxc3 Nh6 11. g3 Rb8 12. Bxh6 gxh6 13. Rab1 b6 14. Qh5
Bb7 15. f4 Qf8 16. f5 Ne7 17. Rfe1 Rg8 18. e6 dxe6 19. fxe6 Rg5 20. exf7+ Kd8
21. Qh3 Bd5 22. Bxd5 Rxd5 23. Re6 Qxf7 24. Rf1 Rf5 25. Rfe1 Ng6 26. Re8+ Qxe8
27. Rxe8+ Kxe8 28. Qxf5 1-0

[Event "?"]
[Site "ICC 5 0 02/14/98, Internet Ch"]
[Date "1998.??.??"]
[Round "?"]
[White "Brause"]
[Black "reo"]
[Result "1-0"]
[WhiteElo "2695"]
[BlackElo "2085"]
[PlyCount "33"]

1. Nc3 Nf6 2. e4 e5 3. Nf3 Nc6 4. Nxe5 Nxe5 5. d4 Nc6 6. d5 Ne7 7. e5 Nfg8 8.
d6 Nc6 9. Nb5 cxd6 10. exd6 Qf6 11. Nc7+ Kd8 12. Nxa8 Bxd6 13. c3 Nh6 14. Be2
Re8 15. Qd3 Ne5 16. Qd5 Neg4 17. Bg5 1-0

[Event "?"]
[Site "ICC 5 0 02/14/98, Internet Ch"]
[Date "1998.??.??"]
[Round "?"]
[White "Brause"]
[Black "reo"]
[Result "1-0"]
[WhiteElo "2695"]
[BlackElo "2080"]
[PlyCount "27"]

1. Nc3 Nf6 2. e4 e5 3. Nf3 Nc6 4. Nxe5 Nxe5 5. d4 Ng6 6. e5 Ng8 7. Bc4 d6 8.
Qf3 Qe7 9. Bb5+ Kd8 10. O-O Nh6 11. Bxh6 gxh6 12. exd6 Qxd6 13. Qxf7 Be6 14.
Qe8# 1-0